| 000 | 00546nam a22002057a 4500 | ||
|---|---|---|---|
| 003 | OSt | ||
| 005 | 20140310182941.0 | ||
| 008 | 130204t xxu||||| |||| 00| 0 eng d | ||
| 020 | _a9789712721342 | ||
| 050 |
_aDS 676 _b.Oc15 2009 |
||
| 082 |
_aFIL 959.90297 _bO15 2009 |
||
| 245 |
_a101 stories on the Philippine revolution _cOcampo, Ambeth |
||
| 260 |
_aPasig City _bAnvil _cc2009 |
||
| 300 |
_a312 p. _c22 cm. _b ill. |
||
| 521 | _acollege students | ||
| 526 | _c1210L-1700L | ||
| 541 | _j1 | ||
| 562 | _e1 | ||
| 942 |
_2lcc _cBK _kFIL |
||
| 999 |
_c17736 _d17736 |
||